000 00884nam a2200301 a 4500
001 000107729
003 CHAP
005 20220329143941.0
008 131025s2007 enk |r| |||1|||eng d
010 _a104191
011 _a105163
020 _a9780521842105
040 _cCHAP
082 0 4 _a660.62
_bG55 2007
100 1 _aGlazer, Alexander N.
_9124460
245 1 0 _aMirobial biotechnology :
_bFundamentals of applied microbiology /
_cpor Alexander N. Glazer y Hiroshi Nikaido.
250 _a2 ed.
260 _aCambridge :
_bCambridge University,
_c2007.
300 _axvii, 554 p.
590 _aE11695DGD
_b10
_c20131028
_lUCH01
_h1026
590 _aE11695DGD
_b10
_c20131028
_lUCH01
_h1028
590 _aE5652GLJ
_b10
_c20131025
_lUCH01
_h1153
650 1 4 _aMicrobiologĂ­a.
_975490
700 1 _aNikaido, Hiroshi
_9124461
901 _aBK
942 _cLIBRO
942 _n0
999 _c104191
_d104191